Statistics for US States By Best Rated College

Click here to take the quiz!

General Stats

  • This quiz has been taken 79 times
  • The average score is 27 of 50

Answer Stats

College State % Correct
Washington University in St. LouisMissouri
94%
University of ________ (Ann Arbor)Michigan
92%
Duke UniversityNorth Carolina
92%
Auburn UniversityAlabama
88%
Princeton UniversityNew Jersey
86%
University of _________ (Madison)Wisconsin
86%
Brigham Young UniversityUtah
84%
University of Notre DameIndiana
84%
University of ______ (Reno)Nevada
84%
Vanderbilt UniversityTennessee
82%
Yale UniversityConnecticut
82%
Northwestern UniversityIllinois
80%
United States Air Force AcademyColorado
80%
University of ______ (Fairbanks)Alaska
80%
Dartmouth CollegeNew Hampshire
78%
Brown UniversityRhode Island
78%
University of TulsaOklahoma
74%
United States Naval AcademyMaryland
74%
Emory UniversityGeorgia
72%
University of ______ (Manoa)Hawaii
72%
United States Military AcademyNew York
72%
Tulane UniversityLouisiana
70%
Rice UniversityTexas
68%
Washington and Lee UniversityVirginia
62%
Oberlin CollegeOhio
60%
Pomona CollegeCalifornia
56%
Creighton UniversityNebraska
44%
Bowdoin CollegeMaine
42%
Middlebury CollegeVermont
42%
Grinnell CollegeIowa
40%
University of _____ ______North Dakota
38%
University of _____ ______South Dakota
38%
Wofford CollegeSouth Carolina
36%
Carleton CollegeMinnesota
32%
Swarthmore CollegePennsylvania
32%
____ ________ UniversityWest Virginia
32%
Reed CollegeOregon
30%
Williams CollegeMassachusetts
28%
University of _______Florida
24%
Millsaps CollegeMississippi
22%
Whitman CollegeWashington
22%
Carroll CollegeMontana
20%
University of ______Kansas
20%
College of _____Idaho
20%
University of ________Delaware
20%
University of _______Arizona
20%
University of _______Wyoming
20%
Saint John's CollegeNew Mexico
18%
Centre CollegeKentucky
18%
Hendrix CollegeArkansas
18%

Score Distribution

Percentile by Number Answered

Percent of People with Each Score

Your Score History

You have not taken this quiz